LEADER 02673nam 2200577 a 450 001 9910462100603321 005 20200520144314.0 010 $a1-84779-299-5 035 $a(CKB)2670000000276684 035 $a(EBL)1069583 035 $a(OCoLC)818847312 035 $a(SSID)ssj0000945256 035 $a(PQKBManifestationID)11588102 035 $a(PQKBTitleCode)TC0000945256 035 $a(PQKBWorkID)10869219 035 $a(PQKB)11509162 035 $a(MiAaPQ)EBC1069583 035 $a(OCoLC)990185662 035 $a(MdBmJHUP)muse77854 035 $a(Au-PeEL)EBL1069583 035 $a(CaPaEBR)ebr10623244 035 $a(EXLCZ)992670000000276684 100 $a20121130d2009 uy 0 101 0 $aeng 135 $aur|n|---||||| 181 $ctxt 182 $cc 183 $acr 200 10$aConservative thinkers$b[electronic resource] $ethe key contributors to the political thought of the modern Conservative Party /$fMark Garnett and Kevin Hickson 210 $aManchester $cManchester University Press$d2009 215 $a1 online resource (201 p.) 300 $aDescription based upon print version of record. 311 $a0-7190-7508-4 320 $aIncludes bibliographical references and index. 327 $a9780719075087; 9780719075087; Copyright Page; Contents; Acknowledgements; Introduction; 1 Harold Macmillan; 2 Rab Butler and the One Nation Group; 3 Quintin Hogg, Lord Hailsham; 4 Enoch Powell; 5 Angus Maude; 6 Keith Joseph; 7 The traditionalists; 8 Ian Gilmour and the wets; 9 John Redwood; 10 David Willetts; Conclusion; Bibliography; Index 330 $aThis book outlines and evaluates the political thought of the Conservative Party through a detailed examination of its principal thinkers from Harold Macmillan to the present. Traditionally, the Conservative Party has been regarded as a vote-gathering machine rather than a vehicle for ideas. This book redresses the balance through a series of biographical essays examining the thought of those who have contributed most to the development of ideas within the party. The chapters benefit from archival research and interviews with leading Conservatives. The recent revival of Conservative fortunes m. 606 $aPolitical science 606 $aPolitical culture 608 $aElectronic books. 615 0$aPolitical science. 615 0$aPolitical culture. 676 $a320.520941 700 $aGarnett$b Mark$0784225 701 $aHickson$b Kevin$0880415 801 0$bMiAaPQ 801 1$bMiAaPQ 801 2$bMiAaPQ 906 $aBOOK 912 $a9910462100603321 996 $aConservative thinkers$92481895 997 $aUNINA LEADER 02791nam 2200613 450 001 9910820017703321 005 20230809233938.0 010 $a3-7329-9660-3 035 $a(CKB)4340000000191742 035 $a(MiAaPQ)EBC4917722 035 $a(Au-PeEL)EBL4917722 035 $a(CaPaEBR)ebr11413853 035 $a(CaONFJC)MIL1021076 035 $a(OCoLC)995774424 035 $a5f283a07-a3ec-43c9-b81a-7b8ab0dd2d03 035 $a(EXLCZ)994340000000191742 100 $a20170810h20172017 uy 0 101 0 $ager 135 $aurcnu|||||||| 181 $2rdacontent 182 $2rdamedia 183 $2rdacarrier 200 10$aItalien -- erlebt, erza?hlt, erforscht $eVon fru?hen Italienreisen zu Italienischen Kulturstudien /$fRichard Bru?tting 210 1$aBerlin, [Germany] :$cFrank & Timme,$d2017. 210 4$d©2017 215 $a1 online resource (252 pages) $cillustrations 225 0 $aZeitZeugnis. Vitale Historiographien aus den Wissenschaften,$x2365-2403 ;$vBand 2 300 $aPublicationDate: 20170731 311 $a3-7329-0368-0 320 $aIncludes bibliographical references and index. 330 $aLong description: Richard Brütting gewährt in diesem Buch Einblicke in sein facettenreiches Leben mit der italienischen Sprache und Kultur, mit Italienern in deren Heimatland und anderswo. Er betrachtet soziale und politische Erscheinungen der italienischen Gesellschaft und erklärt ?typische? Verhaltensweisen der Bewohner des Sehnsuchtslandes der Deutschen. Anhand bemerkenswerter Erlebnisse und Erfahrungen beleuchtet er das interkulturelle Beziehungsgeflecht und die zeitgenössische deutsch-italienische Literaturszene. 330 $aBiographical note: Dr. Richard Brütting war Lehrer und Hochschullehrer in Orléans, Saarbrücken, Siegen und Gießen. Er ist Herausgeber des ?Italien-Lexikons?, Journalist (online-Zeitschrift ?Terra Italia?), Übersetzer und Publizist (Studien zur deutschen, französischen und italienischen Literatur, zu literarischen Namen sowie zur Kultur Italiens, zur Interkulturalität, Literaturdidaktik und empirischen Fremdsprachendidaktik). 606 $aItalien 606 $aItaliener 606 $aHistoriographie 606 $aItalienisch 606 $aKulturstudie 606 $aLiteraturszene 607 $aItaly$xDescription and travel 615 00$aItalien 615 00$aItaliener 615 00$aHistoriographie 615 00$aItalienisch 615 00$aKulturstudie 615 00$aLiteraturszene 676 $a945 700 $aBru?tting$b Richard$01672826 801 0$bMiAaPQ 801 1$bMiAaPQ 801 2$bMiAaPQ 906 $aBOOK 912 $a9910820017703321 996 $aItalien -- erlebt, erza?hlt, erforscht$94036427 997 $aUNINA